Statistics for TV Show Intros by Picture #7

Click here to take the quiz!

General Stats

  • This quiz has been taken 75 times
  • The average score is 7 of 20

Answer Stats

Answer% Correct
Seinfeld
89%
King of the Hill
68%
Bill Nye: The Science Guy
57%
Laverne & Shirley
46%
Green Acres
43%
Sex and the City
43%
WandaVision
40%
The Greatest American Hero
37%
Magnum P.I.
34%
Rugrats
34%
Murphy Brown
32%
Good Times
31%
Six Feet Under
28%
Downton Abbey
23%
Only Murders in the Building
20%
House of the Dragon
17%
30 Rock
15%
Succession
12%
Leave It to Beaver
8%
The Expanse
5%

Score Distribution

Percentile by Number Answered

Percent of People with Each Score

Your Score History

You have not taken this quiz